The African diaspora in the Indian ocean / (Record no. 181127)

MARC details
000 -LEADER
fixed length control field 00624nam a22001817a 4500
005 - DATE AND TIME OF LATEST TRANSACTION
control field 20210901160700.0
010 ## - LCCN (DPL NO)
LC control number B-741369
020 ## - INTERNATIONAL STANDARD BOOK NUMBER
International Standard Book Number 9780865439801
Terms of availability 2166.00
035 ## - SYSTEM CONTROL NUMBER
System control number B-741369
037 ## - SOURCE OF ACQUISITION
Source of stock number/acquisition Gift
082 ## - DEWEY DECIMAL CLASSIFICATION NUMBER
Classification number 909.0496
245 ## - TITLE STATEMENT
Title The African diaspora in the Indian ocean /
Statement of responsibility, etc edited by Shihan De Silva Jayasuriya [and] Richard Pankhurst
260 ## - PUBLICATION, DISTRIBUTION, ETC. (IMPRINT)
Name of publisher, distributor, etc African World Press
Date of publication, distribution, etc 2003
300 ## - PHYSICAL DESCRIPTION
Extent 293p.:
Dimensions 23cm(pbk)
500 ## - GENERAL NOTE
General note include bibliographical references and index
942 ## - ADDED ENTRY ELEMENTS (KOHA)
Source of classification or shelving scheme Dewey Decimal Classification
Item type English Books
Call number suffix AFR
Classification part 909.0496
Holdings
Withdrawn status Lost status Not for loan Collection code Home library Current library Date acquired Source of acquisition Cost, normal purchase price Full call number Barcode Copy number Cost, replacement price Koha item type Public note
      Non-fiction Central Library Central Library 01/09/2021 Gift/Eng/18-08-2021 2166.00 909.0496 AFR B-741369 1 2166.00 English Books Gift

© Delhi Public Library
Hit Counter
free hit counter